Things Banned in Different Countries #4 - Statistics

General Stats
  • This quiz has been taken 63 times
  • The average score is 5 of 15
Answer Stats
Thing Country % Correct
Dislike Kim Jong-Un North Korea
94%
Cut Spaghetti with Fork Italy
78%
Wearing Shoes Inside India
61%
Hands in Pocket Germany
47%
Blow Your Nose Saudi Arabia
43%
Accepting Gift with One Hand Vietnam
41%
Saying "I'm Hungry" Hungary
37%
Eat with Left Hand Indonesia
33%
Eat with Hands Chile
24%
Touching Head Malaysia
24%
Open Palm Greece
22%
Say "No" To Invites Peru
12%
Open Every Window Bosnia and Herzegovina
10%
Wave Portugal
8%
Locking Door Angola
4%
No matching quizzes found
Score Distribution
Percent of People with Each Score
Percentile by Number Answered
Your Score History
You have not taken this quiz